| 000 | 01031nam a22003017a 4500 | ||
|---|---|---|---|
| 001 | 8107 | ||
| 003 | FISKH | ||
| 005 | 20250825131232.0 | ||
| 008 | 250825b cb ||||| |||| 00| 0 eng d | ||
| 020 | _a9780545270137 | ||
| 040 |
_aFISKH _beng _cFISKH _dFISKH |
||
| 050 | _aPZ7.M648 O | ||
| 082 | _a813.6 | ||
| 100 |
_aMilway, Smith Katie _d(1960-) |
||
| 245 |
_aOne hen / _cWritten by Katie Smith Milway ; Illustrated by Eugenie Fernandes |
||
| 250 | _aThis edition first published in 2008 | ||
| 260 |
_aNew York : _bScholastic, _c2008 |
||
| 300 |
_a32 pages : _bcolor illustrations ; _c28 cm |
||
| 505 | _aG | ||
| 520 | _aBased on a true story, tells of how a poor Ghanaian boy buys a chicken through a community loan program, which eventually helps lift him, his mother, and his community out of poverty. | ||
| 521 | 8 |
_a330
_bLexile |
|
| 521 | 8 |
_aG
_bRaz-Plus |
|
| 650 |
_2Poverty _aGhana |
||
| 650 |
_2Microloans _aMoney |
||
| 700 |
_aFernandes, Eugenie _dillustrator |
||
| 942 |
_2ddc _cBK _n0 |
||
| 999 |
_c8107 _d8107 |
||